000 00935nam a2200253Ia 4500
003 OSt
005 20221005113524.0
006 a|||||r|||| 00| 0
007 ta
008 221004b |||||||| |||| 00| 0 pan d
020 _a938891547X (hbk)
_cINR 325.00
024 _a64908
037 _bSP/5334, 28/01/2020, Star Publications Pvt. Ltd.
_cTextual
040 _aCRL
_cCRL
_bpan
041 _2pan
_apan
082 _aO153:g, Q9
100 _aਸਿੰਘ, ਸਰਬਜੀਤ, ਂਚ.
245 0 _aਸਾਹਿਤ, ਇਤਿਹਾਸ ਅਤੇ ਵਿਚਾਰਧਾਰਾ
260 _aਲੁਧਿਆਨਾ
_bਚੇਤਨਾ ਪ੍ਰਕਾFਨ ਭਾਰਤ
_c2019
300 _a224ਪ੍ਰ0
_ccm.
650 _aਪੰਜਾਬੀ ਸਾਹਿਤ
942 _hO153:g, Q9
_cTEXL
_2cc
999 _c1028462
_d1028462